LEADER 02135nam0 2200361 i 450 001 CAG1266945 005 20251003044103.0 010 $a8860080126 020 $aIT$b2007-7423 100 $a20120530d2006 ||||0itac50 ba 101 | $aita 102 $ait 181 1$6z01$ai $bxxxe 182 1$6z01$an 200 1 $aModelli per i sistemi di trasporto$eteoria e applicazioni$fEnnio Cascetta 210 $a[Torino]$cUTET università$d2006 215 $aXIX, 727 p.$cill.$d26 cm. 606 $aTrasporti$xPianificazione$xModelli matematici$2FIR$3CFIC020406$9E 676 $a380.015118$9COMMERCIO, COMUNICAZIONI, TRASPORTI. Modelli matematici$v21 676 $a388.01$9TRASPORTI. TRASPORTI TERRESTRI. Filosofia e teoria$v14 676 $a388.015118$9Trasporti terrestri. Principi scientifici. Analisi numerica$v22 696 $aTrasporto 699 $aTrasporti$zTrasporto 700 1$aCascetta$b, Ennio$3CFIV103030$4070$07515 801 3$aIT$bIT-000000$c20120530 850 $aIT-BN0095 $aIT-NA0601 901 $bNAP 93$cSHI $n$ 901 $bNAP 01$cSALA DING $n$ 912 $aCAG1266945 950 0$aBiblioteca Centralizzata di Ateneo$b1 v. (5. copia)$c1 v. in cinque copie$d 01SALA DING 388.01 CAS.mo$e 0102 0000061865 VMA A4 1 v.$fY $h20070305$i20070305$b1 v. (5. copia)$c1 v. in cinque copie$d 01SALA DING 388.01 CAS.mo$e 0102 0000061875 VMA A4(bis 1 v. (2. copia)$fY $h29970305$i29970305$b1 v. (5. copia)$c1 v. in cinque copie$d 01SALA DING 388.01 CAS.mo$e 0102 0000061885 VMA A4(ter 1 v. (3. copia)$fY $h20070305$i20070305$b1 v. (5. copia)$c1 v. in cinque copie$d 01SALA DING 388.01 CAS.mo$e 0102 0000061895 VMA A4(quater 1 v. (4. copia)$fY $h20070305$i20070305$b1 v. (5. copia)$c1 v. in cinque copie$d 01SALA DING 388.01 CAS.mo$e 0102 0000061925 VMA A4(quinquies 1 v. (5. copia)$fY $h20070305$i20070305 977 $a 01$a 93 996 $aModelli per i sistemi di trasporto$9104516 997 $aUNISANNIO